<?xml version="1.0" encoding="UTF-8"?>
<record
    xmlns:xsi="http://www.w3.org/2001/XMLSchema-instance"
    xsi:schemaLocation="http://www.loc.gov/MARC21/slim http://www.loc.gov/standards/marcxml/schema/MARC21slim.xsd"
    xmlns="http://www.loc.gov/MARC21/slim">

  <leader>03182cam a2200505 i 4500</leader>
  <datafield tag="952" ind1=" " ind2=" ">
    <subfield code="0">0</subfield>
    <subfield code="1">0</subfield>
    <subfield code="2">ddc</subfield>
    <subfield code="4">0</subfield>
    <subfield code="7">0</subfield>
    <subfield code="8">MANAGEMENT</subfield>
    <subfield code="a">MES</subfield>
    <subfield code="b">MES</subfield>
    <subfield code="c">MANAGEMENT</subfield>
    <subfield code="d">2019-02-20</subfield>
    <subfield code="g">225.00</subfield>
    <subfield code="l">0</subfield>
    <subfield code="o">658.812 FJE/E</subfield>
    <subfield code="p">37775</subfield>
    <subfield code="r">2019-02-20 00:00:00</subfield>
    <subfield code="w">2019-02-20</subfield>
    <subfield code="y">BK</subfield>
    <subfield code="z">GL53R3</subfield>
  </datafield>
  <datafield tag="999" ind1=" " ind2=" ">
    <subfield code="c">7993</subfield>
    <subfield code="d">7993</subfield>
  </datafield>
  <controlfield tag="001">18556561</controlfield>
  <controlfield tag="003">OSt</controlfield>
  <controlfield tag="005">20201027160703.0</controlfield>
  <controlfield tag="008">150407s2006    nyua     b    001 0 eng d</controlfield>
  <datafield tag="010" ind1=" " ind2=" ">
    <subfield code="a">  2015302358</subfield>
  </datafield>
  <datafield tag="016" ind1="7" ind2=" ">
    <subfield code="a">013593471</subfield>
    <subfield code="2">Uk</subfield>
  </datafield>
  <datafield tag="020" ind1=" " ind2=" ">
    <subfield code="a">9788120329942</subfield>
  </datafield>
  <datafield tag="035" ind1=" " ind2=" ">
    <subfield code="a">(OCoLC)ocm64181023</subfield>
  </datafield>
  <datafield tag="040" ind1=" " ind2=" ">
    <subfield code="a">ANG</subfield>
    <subfield code="b">eng</subfield>
    <subfield code="c">ANG</subfield>
    <subfield code="e">rda</subfield>
    <subfield code="d">ANG</subfield>
    <subfield code="d">BAKER</subfield>
    <subfield code="d">IXA</subfield>
    <subfield code="d">HNK</subfield>
    <subfield code="d">YDXCP</subfield>
    <subfield code="d">OCLCQ</subfield>
    <subfield code="d">CS1</subfield>
    <subfield code="d">LVB</subfield>
    <subfield code="d">MTG</subfield>
    <subfield code="d">DEBBG</subfield>
    <subfield code="d">OCL</subfield>
    <subfield code="d">BDX</subfield>
    <subfield code="d">OCLCF</subfield>
    <subfield code="d">OCLCO</subfield>
    <subfield code="d">UKMGB</subfield>
    <subfield code="d">OCLCQ</subfield>
    <subfield code="d">DLC</subfield>
  </datafield>
  <datafield tag="042" ind1=" " ind2=" ">
    <subfield code="a">lccopycat</subfield>
  </datafield>
  <datafield tag="050" ind1="0" ind2="0">
    <subfield code="a">HF5415.5</subfield>
    <subfield code="b">.E55 2006</subfield>
  </datafield>
  <datafield tag="082" ind1=" " ind2=" ">
    <subfield code="2">658.812</subfield>
    <subfield code="b">FJE/E</subfield>
  </datafield>
  <datafield tag="084" ind1=" " ind2=" ">
    <subfield code="a">QP 300</subfield>
    <subfield code="2">rvk</subfield>
  </datafield>
  <datafield tag="100" ind1=" " ind2=" ">
    <subfield code="9">1426</subfield>
    <subfield code="a">Fjermestad, Jerry </subfield>
  </datafield>
  <datafield tag="245" ind1="0" ind2="0">
    <subfield code="a">Electronic customer relationship management /</subfield>
    <subfield code="c">Jerry Fjermestad ; Nicholas C. Romano </subfield>
  </datafield>
  <datafield tag="264" ind1=" " ind2="1">
    <subfield code="a">Armonk, N.Y. ;</subfield>
    <subfield code="a">London :</subfield>
    <subfield code="b">M.E. Sharpe,</subfield>
    <subfield code="c">[2006].</subfield>
  </datafield>
  <datafield tag="300" ind1=" " ind2=" ">
    <subfield code="a">xiii, 210 pages :</subfield>
    <subfield code="b">illustrations ;</subfield>
    <subfield code="c">26 cm.</subfield>
  </datafield>
  <datafield tag="336" ind1=" " ind2=" ">
    <subfield code="a">text</subfield>
    <subfield code="b">txt</subfield>
    <subfield code="2">rdacontent</subfield>
  </datafield>
  <datafield tag="337" ind1=" " ind2=" ">
    <subfield code="a">unmediated</subfield>
    <subfield code="b">n</subfield>
    <subfield code="2">rdamedia</subfield>
  </datafield>
  <datafield tag="338" ind1=" " ind2=" ">
    <subfield code="a">volume</subfield>
    <subfield code="b">nc</subfield>
    <subfield code="2">rdacarrier</subfield>
  </datafield>
  <datafield tag="490" ind1="1" ind2=" ">
    <subfield code="a">Advances in management information systems ;</subfield>
    <subfield code="v">v. 3</subfield>
  </datafield>
  <datafield tag="504" ind1=" " ind2=" ">
    <subfield code="a">Includes bibliographical references and index.</subfield>
  </datafield>
  <datafield tag="505" ind1="0" ind2="0">
    <subfield code="t">Electronic customer relationship management : an introduction /</subfield>
    <subfield code="r">Nicholas C. Romano, Jr. and Jerry Fjermestad --</subfield>
    <subfield code="t">Success factors in online supply chain management and e-customer relationship management /</subfield>
    <subfield code="r">Michael R. Bartolacci and Mary Meixell --</subfield>
    <subfield code="t">Using electronic customer relationship management to maximize/minimize customer satisfaction/dissatisfaction /</subfield>
    <subfield code="r">Yoon Cho and Jerry Fjermestad --</subfield>
    <subfield code="t">Customer relationship management success and organizational change : a case study /</subfield>
    <subfield code="r">Carl-Erik Wikstrom --</subfield>
    <subfield code="t">Success factors in CRM Implementation : results from a consortial benchmarking study /</subfield>
    <subfield code="r">Rainer Alt and Thomas Puschmann --</subfield>
    <subfield code="t">Collaborative customer relationship management in financial services alliances /</subfield>
    <subfield code="r">Malte Geib, Lutz M. Kolbe, and Walter Brenner --</subfield>
    <subfield code="t">Improving customer Interaction with customer knowledge management /</subfield>
    <subfield code="r">Adrian Bueren [and others] --</subfield>
    <subfield code="t">An examination of the effects of Information and communication technology on customer relationship management and customer lock-In /</subfield>
    <subfield code="r">Ja-Shen Chen and Russell K.H. Ching --</subfield>
    <subfield code="t">What makes customers shop online? /</subfield>
    <subfield code="r">Na Li and Ping Zhang --</subfield>
    <subfield code="t">Toward achieving customer satisfaction in online grocery shopping : lessons learned from Australian and Swiss cases /</subfield>
    <subfield code="r">Sherah Kurnia and Petra Schubert.</subfield>
  </datafield>
  <datafield tag="650" ind1=" " ind2="0">
    <subfield code="a">Customer relations</subfield>
    <subfield code="x">Management.</subfield>
  </datafield>
  <datafield tag="650" ind1=" " ind2="0">
    <subfield code="a">Electronic commerce.</subfield>
  </datafield>
  <datafield tag="650" ind1=" " ind2="6">
    <subfield code="a">Relations avec la client&#xE8;le</subfield>
    <subfield code="x">Gestion.</subfield>
  </datafield>
  <datafield tag="650" ind1=" " ind2="6">
    <subfield code="a">Commerce &#xE9;lectronique.</subfield>
  </datafield>
  <datafield tag="650" ind1=" " ind2="7">
    <subfield code="a">Customer relations</subfield>
    <subfield code="x">Management.</subfield>
    <subfield code="2">fast</subfield>
    <subfield code="0">(OCoLC)fst00885539</subfield>
  </datafield>
  <datafield tag="650" ind1=" " ind2="7">
    <subfield code="a">Electronic commerce.</subfield>
    <subfield code="2">fast</subfield>
    <subfield code="0">(OCoLC)fst00906906</subfield>
  </datafield>
  <datafield tag="650" ind1="0" ind2="7">
    <subfield code="a">Betriebliches Informationssystem.</subfield>
    <subfield code="2">swd</subfield>
  </datafield>
  <datafield tag="650" ind1="0" ind2="7">
    <subfield code="a">Electronic Commerce.</subfield>
    <subfield code="2">swd</subfield>
  </datafield>
  <datafield tag="650" ind1="0" ind2="7">
    <subfield code="a">Kundenmanagement.</subfield>
    <subfield code="2">swd</subfield>
  </datafield>
  <datafield tag="655" ind1=" " ind2="7">
    <subfield code="a">Aufsatzsammlung.</subfield>
    <subfield code="2">swd</subfield>
  </datafield>
  <datafield tag="700" ind1=" " ind2=" ">
    <subfield code="a">Fjermestad, Jerry </subfield>
    <subfield code="9">1426</subfield>
  </datafield>
  <datafield tag="700" ind1="1" ind2=" ">
    <subfield code="a">Romano, Nicholas C.</subfield>
    <subfield code="9">1644</subfield>
  </datafield>
  <datafield tag="830" ind1=" " ind2="0">
    <subfield code="a">Advances in management information systems ;</subfield>
    <subfield code="v">v. 3.</subfield>
  </datafield>
  <datafield tag="906" ind1=" " ind2=" ">
    <subfield code="a">7</subfield>
    <subfield code="b">cbc</subfield>
    <subfield code="c">copycat</subfield>
    <subfield code="d">2</subfield>
    <subfield code="e">ncip</subfield>
    <subfield code="f">20</subfield>
    <subfield code="g">y-gencatlg</subfield>
  </datafield>
  <datafield tag="942" ind1=" " ind2=" ">
    <subfield code="2">ddc</subfield>
    <subfield code="c">BK</subfield>
    <subfield code="h">658.812</subfield>
    <subfield code="i">FJE/E</subfield>
    <subfield code="k">658.812</subfield>
    <subfield code="m">FJE/E</subfield>
  </datafield>
</record>
